Álbum de pequeñas obras maestras de diversos autores para piano solo

El libro Álbum de pequeñas obras maestras de diversos autores para piano solo, es un texto musical para los invidentes, que abre horizontes y posibilita ampliar las dimensiones significativas de numerosos ciudadanos.

Uloženo v:
Podrobná bibliografie
Hlavní autor: Gómez Díaz, Francisco A.
Médium: Kniha
Jazyk:Spanish
Vydáno: Bogotá: IDEP, 1997
Vydání:1
Edice:Pedagogía y formación ciudadana
Témata:
On-line přístup:Enlace del recurso
Tagy: Přidat tag
Žádné tagy, Buďte první, kdo vytvoří štítek k tomuto záznamu!

MARC

LEADER 00000nam a2200000 a 4500
001 000427
008 021015s1997 ck # fr# o000|0#spa#d
020 |a 958-8018-00-5 
041 0 |a spa 
043 |a s-ck--- 
082 0 4 |a 786.2  |b G552ab 
100 1 |a Gómez Díaz, Francisco A. 
245 1 0 |a Álbum de pequeñas obras maestras de diversos autores para piano solo   |c Francisco A. Gómez Díaz 
250 |a 1 
260 |a Bogotá:  |b IDEP,  |c 1997 
300 |a 62 p. 
440 0 |a Pedagogía y formación ciudadana 
500 |a Texto en sistema braille 
520 3 |a El libro Álbum de pequeñas obras maestras de diversos autores para piano solo, es un texto musical para los invidentes, que abre horizontes y posibilita ampliar las dimensiones significativas de numerosos ciudadanos. 
650 1 4 |a MÚSICA PARA CIEGOS 
650 1 4 |a MÚSICA PARA PIANO 
900 |a 20021015 
999 |c 2580  |d 2580 
856 |u https://catalogo.idep.edu.co/cgi-bin/koha/opac-detail.pl?biblionumber=2580  |z Enlace del recurso